| 000 | 00381nam a2200133Ia 4500 | ||
|---|---|---|---|
| 008 | 231129s1985||||xx |||||||||||||| ||spa|| | ||
| 020 | _a958-602-071-1 | ||
| 040 | _bspa | ||
| 082 | _a550.9 T564t | ||
| 245 | 0 | _aLa tierra: mares climas continentes | |
| 260 | _c1985 | ||
| 264 | _aBogotá Colombia: Círculo de Lectores | ||
| 942 |
_2ddc _cBKS |
||
| 999 |
_c18338 _d18338 |
||